The magnificent experiment : building the Salt River Reclamation Project, 1890-1917 /

Bibliographic Details
Main Author: Smith, Karen L.
Format: Book
Language:English
Published: Tucson : University of Arizona Press, [1986]
Subjects:

MARC

Tag First Indicator Second Indicator Subfields
LEADER 00000cam a2200000 a 4500
001 in00000423948
005 20151012062518.0
008 851017s1986 azua b s00110 eng
010 |a  85024628  
020 |a 0816509212 
035 |a (OCoLC)12808721 
035 |9 ABV7865AM 
039 0 |a 2  |b 3  |c 3  |d 3  |e 3 
040 |a DLC  |c DLC  |d OCL  |d TXA  |d UtOrBLW 
043 |a n-us-az 
049 |a TXAM  |c [A09674073] 
050 0 0 |a TC424.A6  |b S65 1986 
070 0 |a TC424.A6S65 
082 0 |a 627/.12/0979173  |2 19 
100 1 |a Smith, Karen L. 
245 1 4 |a The magnificent experiment :  |b building the Salt River Reclamation Project, 1890-1917 /  |c Karen L. Smith. 
264 1 |a Tucson :  |b University of Arizona Press,  |c [1986] 
264 4 |c ©1986 
300 |a xii, 200 pages :  |b illustrations ;  |c 24 cm. 
336 |a text  |b txt  |2 rdacontent 
337 |a unmediated  |b n  |2 rdamedia 
338 |a volume  |b nc  |2 rdacarrier 
500 |a Includes index. 
504 |a Bibliography: pages 185-194. 
610 2 0 |a Salt River Project  |x History. 
650 0 |a Water resources development  |z Arizona  |z Phoenix Metropolitan Area  |x History. 
650 0 |a Irrigation  |z Arizona  |z Phoenix Metropolitan Area  |x History. 
999 |a MARS 
999 f f |s 0ac6af57-fd1b-3eb1-bd21-bbc5ea4e86df  |i 186288f1-48f0-3eea-806b-1e01647cea51  |t 0 
952 f f |p ric  |a Texas A&M University  |b Rellis Campus  |c Joint Library Facility  |d Remote Storage  |t 0  |e TC424.A6 S65 1986  |h Library of Congress classification  |i unmediated -- volume  |m A14809674073 
998 f f |a TC424.A6 S65 1986  |t 0  |l Remote Storage